Statistics for Official Languages of the World

Click here to take the quiz!

General Stats

  • This quiz has been taken 147,333 times
    (57,398 since last reset)
  • The average score is 64 of 117

Answer Stats

CountriesLanguage% Correct
Canada, South Africa, 56 othersEnglish
99%
Spain, Colombia, 18 othersSpanish
99%
France, Canada, 27 othersFrench
99%
Germany, Austria, Switzerland, 3 othersGerman
97%
China, Taiwan, SingaporeChinese
(Mandarin)
96%
Portugal, Brazil, 7 othersPortuguese
96%
Russia, Belarus, Kazakhstan, KyrgyzstanRussian
96%
Italy, San Marino, Switzerland, Vatican CityItalian
95%
Egypt, Iraq, Saudi Arabia, 19 othersArabic
95%
Cyprus, GreeceGreek
92%
Sweden, FinlandSwedish
90%
Belgium, Netherlands, SurinameDutch
90%
South Korea, North KoreaKorean
89%
PolandPolish
89%
JapanJapanese
89%
Turkey, CyprusTurkish
88%
MoldovaRomanian
(Moldovan)
87%
FinlandFinnish
86%
RomaniaRomanian
86%
IndonesiaMalay
(Indonesian)
86%
Serbia, Bosnia and Herzegovina, KosovoSerbo-Croatian
(Serbian)
84%
HungaryHungarian
84%
MontenegroSerbo-Croatian
(Montenegrin)
84%
IndiaHindustani
(Hindi)
83%
NorwayNorwegian
82%
DenmarkDanish
82%
Albania, Kosovo, North MacedoniaAlbanian
81%
SlovakiaSlovak
80%
Bosnia and Herzegovina, CroatiaSerbo-Croatian
(Croatian)
80%
LatviaLatvian
79%
ThailandThai
79%
IrelandIrish
78%
EstoniaEstonian
78%
Czech RepublicCzech
78%
TajikistanPersian (Tajik)
78%
UkraineUkrainian
78%
IcelandIcelandic
77%
VietnamVietnamese
77%
Malaysia, Singapore, BruneiMalay
77%
GeorgiaGeorgian
76%
SloveniaSlovene
76%
BulgariaBulgarian
76%
IsraelHebrew
76%
AfghanistanPersian (Darī)
75%
IranPersian
74%
LithuaniaLithuanian
74%
CambodiaKhmer
73%
ArmeniaArmenian
72%
NepalNepali
71%
MongoliaMongolian
71%
PhilippinesFilipino
68%
Bosnia and HerzegovinaSerbo-Croatian
(Bosnian)
67%
BangladeshBengali
65%
BelarusBelarusian
65%
UzbekistanUzbek
65%
KazakhstanKazakh
63%
South AfricaAfrikaans
62%
Kenya, Rwanda, Tanzania, UgandaSwahili
61%
LaosLao
61%
North MacedoniaMacedonian
59%
SamoaSamoan
58%
PakistanHindustani
(Urdu)
58%
SomaliaSomali
58%
AzerbaijanAzerbaijani
58%
AfghanistanPashto
55%
TurkmenistanTurkmen
53%
MaltaMaltese
50%
South AfricaZulu
48%
FijiFijian
48%
New ZealandMāori
48%
KyrgyzstanKyrgyz
47%
Sri Lanka, SingaporeTamil
46%
AndorraCatalan
46%
BhutanDzongkha
45%
MyanmarBurmese
44%
TongaTongan
43%
SwitzerlandRomansh
37%
LuxembourgLuxembourgish
37%
IraqKurdish
35%
RwandaKinyarwanda
34%
Morocco, AlgeriaBerber
33%
South AfricaXhosa
32%
EthiopiaAmharic
29%
HaitiHaitian Creole
28%
Bolivia, PeruQuechua
27%
PalauPalauan
26%
TuvaluTuvaluan
26%
South Africa, EswatiniSwazi
26%
MaldivesMaldivian
26%
BurundiKirundi
26%
NauruNauruan
25%
South Africa, LesothoSotho
23%
NorwaySámi
22%
South Africa, BotswanaTswana
20%
MadagascarMalagasy
20%
Sri LankaSinhala
19%
Marshall IslandsMarshallese
17%
ParaguayGuaraní
16%
SeychellesSeychellois Creole
13%
ComorosComorian
13%
BoliviaAymara
13%
FijiHindustani
(Fiji Hindi)
12%
KiribatiGilbertese
11%
ZimbabweNorthern Ndebele
10%
Papua New GuineaTok Pisin
10%
South AfricaSouthern Ndebele
10%
South AfricaVenda
9%
South AfricaNorthern Sotho
9%
EritreaTigrinya
9%
South AfricaTsonga
9%
MauritiusMauritian Creole
8%
ZimbabweShona
8%
East TimorTetum
7%
MalawiChewa
7%
VanuatuBislama
6%
Central African Rep.Sango
6%
Papua New GuineaHiri Motu
6%

Score Distribution

Percentile by Number Answered

Percent of People with Each Score

Your Score History

You have not taken this quiz since the last reset